01393nam a2200289Ia 4500008004100000020001800041040001800059041000800077060001100085100003200096245016100128246007200289260007500361300003600436490004600472500005900518504004700577650005700624650004800681650002900729650002100758650001900779710006700798710006000865710007900925710009901004130821s2009 sp a gr spa  a9788496990296 aCo-BoUCMbspa00aspa00aWK 8251 aPascual de la Pisa, Beatriz10aEficacia y seguridad de los nuevos antidiabéticos orales revisión sistemática de la literatura y evaluación económicacBeatriz Pascual de la Pisa01aEfficacy and safety of new oral antidiabetics.bExecutive abstract. aSevilla (Andalucía, España)bMinisterio de Sanidad y Consumoc2009 a99 páginasbcuadrose1 CD-ROM 0aInformes, estudios e investigación 2009 aEl cd-rom posee el contenido del libro en formato pdf. aIncluye bibliografía e índice general.04aAgentes hipoglicémicosxAnálisis costo-beneficio04aAgentes hipoglicémicosxUso terapéutico04aDiabetesxFarmacoterapia04aEndocrinología04aFarmacología1 aEspaña.bAgencia de Evaluación de Tecnologías Sanitarias1 aEspaña.bJunta de Andalucía.bConsejería de Salud1 aEspaña.bMinisterio de Sanidad y Consumo.bInstituto de Salud Carlos III1 aEspaña.bMinisterio de Sanidad y Consumo.bPlan de Calidad para el Sistema Nacional de Salud